All objects in the Space section of Google Maps - Statistics

General Stats
  • This quiz has been taken 17 times
  • The average score is 11 of 21
Answer Stats
Description on Google Maps Answer % Correct
Third planet from the Sun Earth
100%
Fourth planet from the sun Mars
100%
First planet from the Sun Mercury
100%
Second planet from the Sun Venus
100%
Answer 3's singular natural satellite Moon
90%
Space station in low Earth orbit International Space Station
80%
A dwarf planet in the Kuiper belt Pluto
80%
Dwarf planet between Mars and Jupiter Ceres
70%
Smallest of the four Galilean moons of Jupiter Europa
60%
Largest moon of Jupiter Ganymede
60%
Innermost of the four Galilean moons of Jupiter Io
60%
Largest moon of Saturn Titan
60%
Largest moon of Pluto Charon
40%
Second-largest moon of Jupiter Callisto
30%
Second-largest moon of Saturn Rhea
20%
Dwarf planet between Mars and Jupiter Vesta
20%
Fourth-largest moon of Saturn Dione
10%
Sixth-largest moon of Saturn Enceladus
10%
Moon of Saturn Mimas
10%
Moon of Saturn Tethys
10%
Third-largest moon of Saturn Lapetus
0%
No matching quizzes found
Score Distribution
Percent of People with Each Score
Percentile by Number Answered
Your Score History
You have not taken this quiz